Cobra Kai Episodes - Statistics

General Stats
  • This quiz has been taken 551 times
    497 since last reset
  • The average score is 13 of 40
Answer Stats
# Episode % Correct
1.1 Ace Degenerate
81%
2.10 No Mercy
68%
1.10 Mercy
63%
2.1 Mercy
63%
1.2 Strike First
52%
3.6 King Cobra
51%
1.7 All Valley
48%
4.9 The Fall
44%
4.10 The Rise
42%
3.10 December 19
39%
3.1 Aftermath
35%
1.3 Esqueleto
35%
1.4 Cobra Kai Never Dies
34%
3.5 Miyagi-Do
33%
2.9 Pulpo
33%
4.1 Let's Begin
32%
2.3 Fire and Ice
31%
1.6 Quiver
31%
1.5 Counterbalance
29%
2.2 Back in Black
28%
4.2 First Learn Stand
28%
2.8 Glory of Love
27%
2.7 Lull
27%
4.3 Then Learn Fly
27%
2.5 All In
26%
1.9 Different but Same
25%
1.8 Molting
24%
2.6 Take a Right
22%
4.8 Party Time
21%
3.8 The Good, the Bad, and the Badass
21%
2.4 The Moment of Truth
21%
3.2 Nature vs. Nurture
20%
3.9 Feel the Night
19%
3.3 Now You're Gonna Pay
19%
4.6 Kicks Get Chicks
18%
3.7 Obstáculos
18%
3.4 The Right Path
18%
4.7 Minefields
17%
4.5 Match Point
16%
4.4 Bicephaly
15%
No matching quizzes found
Score Distribution
Percent of People with Each Score
Percentile by Number Answered
Your Score History
You have not taken this quiz since the last reset